Statistics for Most likely countries in WW3 scenario 3

Click here to take the quiz!

General Stats

  • This quiz has been taken 47 times
  • The average score is 34 of 45

Answer Stats

Continent Country % Correct
North AmericaCanada
100%
Asia/ EuropeRussia
100%
AsiaChina
100%
North AmericaUnited States of America
97%
EuropeUnited Kingdom
97%
EuropeFrance
95%
OceaniaAustralia
95%
EuropeSpain
95%
EuropeGermany
92%
EuropeItaly
89%
EuropePortugal
89%
AsiaJapan
89%
AsiaNorth Korea
87%
AsiaIran
87%
AsiaSouth Korea
84%
OceaniaNew Zealand
84%
EuropeUkraine
82%
EuropeLithuania
79%
Europethe Netherlands
79%
EuropeLatvia
79%
EuropeNorway
79%
EuropePoland
79%
EuropeGreece
76%
EuropeEstonia
76%
North AmericaCuba
76%
EuropeBelgium
76%
EuropeBelarus
76%
EuropeRomania
76%
EuropeBulgaria
74%
EuropeDenmark
71%
EuropeHungary
71%
EuropeSlovakia
66%
EuropeSerbia
66%
EuropeAlbania
63%
EuropeCzech Republic
63%
AsiaIsrael
61%
AsiaArmenia
61%
AsiaPakistan
58%
EuropeSlovenia
55%
AsiaTaiwan
53%
EuropeCroatia
53%
AsiaKazakhstan
47%
Asiathe Philippines
39%
EuropeKosovo
34%
AsiaKyrgyzstan
26%

Score Distribution

Percentile by Number Answered

Percent of People with Each Score

Your Score History

You have not taken this quiz